000 00206 a2200097 4500
020 _a9781603963442
041 _aspa
100 _aPerez eladio luis
245 _a7 Anos secuestrado por las farc
942 _cBK
999 _c10775
_d10775